| 000 | 00558nam a22001577a 4500 | ||
|---|---|---|---|
| 999 |
_c534983 _d534983 |
||
| 020 | _qHard Cover. | ||
| 082 | _a620.0011 | ||
| 100 | _aSafdar, Ibadullah | ||
| 245 |
_aStudy of particulate and sulfur dioxide removal efficiency in wet scrubbers for flue gas desulphurization / _cIbadullah Safdar. |
||
| 260 |
_aIslamabad: _bUSPCASE NUST, _c2017. |
||
| 300 |
_a120 p. : _bill. ; _c30cm. |
||
| 942 |
_2ddc _cTHE |
||
| 650 |
_aEnergy System Engineering MS-Thesis. _928868 |
||
| 700 |
_aDr. Majid Ali _929033 |
||